Pri prameni. Básne.

Uložené v:
Podrobná bibliografia
Hlavný autor: Strieženec, Rudo (Author)
Médium: Kniha
Jazyk:Slovak
Vydané: Prešov : Čas, 1940.
Fyzický popis: 48 strán.
Tagy: Pridať tag
Žiadne tagy, Buďte prvý kto otaguje tento záznam!

MARC

LEADER 00000nam a22000002i 4500
001 000642913
005 20200714153514.0
008 200714s1940 xo e 000 0 slo d
020 |q (brožované) 
040 |a SVKKK  |b slo  |c SVKKK  |e rda 
100 1 |a Strieženec, Rudo  |4 aut 
245 1 0 |a Pri prameni. Básne. 
264 1 |a Prešov :  |b Čas,  |c 1940. 
300 |a 48 strán. 
336 |a text  |b txt  |2 rdacontent 
337 |a bez média  |b n  |2 rdamedia 
338 |a zväzok  |b nc  |2 rdacarrier 
500 |a Záznam revízie 
910 |a svkkk 
998 |a BK 
090 |g SCKHL  |k Sklad Pribinova 2. posch.  |a III.40554  |j 124859  |i 2720742454  |4 Vyradená  |s Vyradená